Islands of Southwestern British Isles and Western France on a Map - Statistics

General Stats
  • This quiz has been taken 16 times
  • The average score is 6 of 36
Answers on the Map
Answers color-coded by a green-red scale on the quiz's map according to % correct below.
 
Answer Stats
Island Area (km²) Population % Correct
Guernsey 62 63,950
100%
Jersey 120 103,267
100%
Alderney 7.8 2,167
40%
85 17,891
30%
Sark 5.5 562
30%
St Mary's 6.6 1,723
30%
Belle-Île 86 5,553
20%
Caldey 2.2 40
20%
Great 53 14,000
20%
Herm 1.4 60
20%
Lundy 4.5 28
20%
Noirmoutier 49 9,590
20%
Oléron 174 22,076
20%
Skokholm 1.1 2
20%
Skomer 2.9 0
20%
St Agnes 1.1 82
20%
Ushant 16 860
20%
Aix 1.4 209
10%
Bryher 1.3 84
10%
Long 1.8 17
10%
Ramsey 2.6 2
10%
Tresco 3.0 175
10%
Yeu 23 4,870
10%
Arz 2.6 321
0%
Batz 3.1 458
0%
Bréhat 3.1 429
0%
Cape Clear 6.7 110
0%
Chevalier 1.0 ?
0%
Grande 1.9 800
0%
Groix 15 2,310
0%
Heir 1.5 29
0%
Hœdic 2.1 104
0%
Houat 3.3 219
0%
Moines 3.2 630
0%
Sherkin 5.0 110
0%
St Martin's 2.4 135
0%
No matching quizzes found
Score Distribution
Percent of People with Each Score
Percentile by Number Answered
Your Score History
You have not taken this quiz